Statistiques concernant Les noms de Mammifères par lettres -T

Cliquez ici pour prendre le quiz!

Statistiques générales

  • Ce quiz a été pris 97 fois
  • Le résultat moyen est 6 sur 26

Statistiques - réponses

Réponse% Correct
Tigre
100%
Taupe
97%
Tapir
90%
Tatou
75%
Tamanoir
69%
Tahr
38%
Tamarin
36%
Tarsier
34%
Tamia
24%
Takin
13%
Tamarin-lion
11%
Tamandua / Tamandou
10%
Tenrec
8%
Titi
7%
Tamarau
3%
Tangue
1%
Taruca
1%
Tur
1%
Taphien
0%
Tasmacète
0%
Taupe-dorée
0%
Tchirou
0%
Tenkile
0%
Topi / Tiang
0%
Toupaye
0%
Triok
0%

Distribution des résultats

Percentile par nombre de réponses

% des personnes avec chaque résultat

Votre développement - résultats

Vous n’avez pas pris ce quiz